| 000 | 00497nam a2200157Ia 4500 | ||
|---|---|---|---|
| 005 | 20250703010859.0 | ||
| 008 | 240331s9999 xx 000 0 und d | ||
| 020 | _a9789551302177 | ||
| 082 |
_bSRI _a495 |
||
| 245 | 0 |
_aSri Lankawe bhashaayithiwasikam : _bDemala bhashawa rajya bhashawak lesa balathmaka kireema |
|
| 260 |
_aSri Lanka _bLaughter and Social Car _c2008 |
||
| 300 | _a166 p ., ( c 2) | ||
| 500 | _aA book on Language Rights in Sri Lanka | ||
| 700 |
_aSkandhasami,B. _eedt |
||
| 942 | _cL | ||
| 999 |
_c5162 _d5162 |
||